[Event "12th North American FIDE Inv"]
[Site "Chicago USA"]
[Date "2008.06.21"]
[Round "2"]
[White "Pasalic,M"]
[Black "Tate,E"]
[Result "1/2-1/2"]
[WhiteElo "2392"]
[BlackElo "2378"]

1.e4 c5 2.Nf3 e6 3.Nc3 a6 4.d4 cxd4 5.Nxd4 Qc7 6.Be2 b5 7.O-O Bb7 8.a3 Nf6
9.Bf3 d6 10.Bg5 Nbd7 11.Re1 Be7 12.a4 b4 13.Na2 O-O 14.Nxb4 d5 15.exd5 Bxb4
16.c3 Bc5 17.dxe6 fxe6 18.Nxe6 Bxf2+ 19.Kh1 Qb6 20.Nxf8 Rxf8 21.Rf1 Bxf3
22.Qxf3 Bc5 23.b4 Bd6 24.Bf4 Bxf4 25.Qxf4 Qc6 26.Qd4 Rc8 27.Rf3 Ne4 28.c4 Ndf6
29.b5 Qxc4 30.Qxc4+ Rxc4 31.bxa6  1/2-1/2

[Event "White Nights Open"]
[Site "St Petersburg RUS"]
[Date "2008.06.22"]
[Round "2"]
[White "Mazurov,A"]
[Black "Smirnov,Vl3"]
[Result "1-0"]
[WhiteElo "1553"]
[BlackElo "1969"]

1.e4 c5 2.Nf3 e6 3.d4 cxd4 4.Nxd4 a6 5.Nc3 Qc7 6.Be3 Nf6 7.Qd2 Bb4 8.f3 d5
9.exd5 Nxd5 10.Nde2 O-O 11.O-O-O Nd7 12.Bd4 N7f6 13.Kb1 Nxc3+ 14.Bxc3 Bxc3
15.Nxc3 Bd7 16.g4 Bc6 17.g5 Nh5 18.Ne4 Rad8 19.Bd3 Nf4 20.Qe3 Nd5 21.Qf2 Qf4
22.h4 Nb4 23.Qe2 Bd5 24.a3 Nxd3 25.cxd3 Rc8 26.Rdg1 Bxe4 27.fxe4 Rc7 28.h5 Rfc8
29.g6 fxg6 30.hxg6 h6 31.Rf1 Qg5 32.Rhg1 Rc1+ 33.Rxc1  1-0

[Event "22th Open"]
[Site "Pula CRO"]
[Date "2008.06.23"]
[Round "3"]
[White "Papp,T1"]
[Black "Obodchuk,A"]
[Result "1/2-1/2"]
[WhiteElo "2263"]
[BlackElo "2421"]

1.e4 c5 2.Nf3 e6 3.d4 cxd4 4.Nxd4 a6 5.Nc3 Qc7 6.Bd3 Bc5 7.Be3 Nf6 8.O-O b5
9.a3 O-O 10.Qd2 Bb7 11.Nb3 Be7 12.Bf4 d6 13.Rae1 Nbd7 14.a4 b4 15.Na2 a5
16.c3 Ne5 17.Bb5 Nxe4 18.Qd4 Bf6 19.Bxe5 Bxe5 20.Qd3 Nc5 21.Nxc5 dxc5 22.Qh3 Rad8
23.Bd3 g6 24.Nc1 bxc3 25.bxc3 Bxc3 26.Bxg6 hxg6 27.Qxc3 Qc6 28.f3 Qxa4 29.Qxc5 Qd4+
30.Qxd4 Rxd4 31.Nb3 Rd5 32.Ra1 Ra8 33.Rfc1 Rb5 34.Nd4 Rb2 35.Ra4 Rd8 36.Rac4 Ba6
37.Ra4 e5 38.Rxa5 Rxd4 39.Rxa6 Rdd2 40.g4 Rg2+ 41.Kh1 Rxh2+ 42.Kg1 Rbg2+
43.Kf1 Rf2+ 44.Kg1 Rhg2+ 45.Kh1 Rg3 46.Ra5 Rfxf3 47.Rxe5 Rxg4 48.Kh2 Kg7
49.Re7 Kh6 50.Rcc7 f5 51.Rh7+ Kg5 52.Rhg7 Re3 53.Rc6 Kh6 54.Rf7 Re5 55.Kh3 Rb5
56.Rxf5 Rbb4 57.Rf3 Kh5 58.Rg3 Rxg3+ 59.Kxg3 Rb3+ 60.Kg2 g5  1/2-1/2

[Event "IV Open"]
[Site "Sort ESP"]
[Date "2008.06.24"]
[Round "1"]
[White "Preethi,R"]
[Black "Rotstein,A"]
[Result "0-1"]
[WhiteElo "2180"]
[BlackElo "2528"]

1.e4 c5 2.Nf3 e6 3.d4 cxd4 4.Nxd4 a6 5.Nc3 Qc7 6.Bd3 Nf6 7.O-O b5 8.e5 Qxe5
9.Qf3 d5 10.Nf5 Qc7 11.Re1 Bb7 12.Bf4 Qb6 13.Bxb8 Rxb8 14.Qg3 Rc8 15.Nxg7+ Kd7
16.Nf5 Rg8 17.Qh4 Qd8 18.Rad1 Bc5 19.Nh6 Ng4 20.Qxd8+ Rcxd8 21.Nxg4 Rxg4
22.Bxh7 Rf4 23.Re2 f5 24.g3 Rf3 25.Bg6 Rh8 26.Rde1 d4 27.Rd1 Ke7 28.Nb1 Kf6
29.Rde1 Kxg6 30.Rxe6+ Kf7 31.Nd2 Rxf2 32.Kxf2 Rxh2+ 33.Kg1 Rxd2 34.R6e5 Rxc2
35.Rxf5+ Kg6 36.Ree5 d3+ 37.Kf1 Rc1+  0-1

[Event "White Nights Open"]
[Site "St Petersburg RUS"]
[Date "2008.06.24"]
[Round "4"]
[White "Karasev,Vl"]
[Black "Urjubdshzirov,E"]
[Result "1/2-1/2"]
[WhiteElo "2416"]
[BlackElo "2243"]

1.e4 c5 2.Nc3 e6 3.Nf3 a6 4.d4 cxd4 5.Nxd4 Qc7 6.Bd3 Nc6 7.Nxc6 Qxc6 8.O-O b5
9.e5 Qc7 10.Qf3 Rb8 11.Bf4 Ne7 12.a4 b4 13.Ne4 Ng6 14.Nd6+ Bxd6 15.exd6 Qa5
16.Bd2 O-O 17.Rfe1 f5 18.Qg3 Bb7 19.h4 Rf7 20.h5 f4 21.Qh3 Ne5 22.Bxb4 Qxb4
23.Rxe5 Qxb2 24.Rae1 f3 25.h6 g6 26.Qg4 Rf6 27.g3 Bc6 28.Qh4 Kf7 29.Rc5 Rb4
30.Rc4 Rxc4 31.Qxc4 Qa3 32.Qxa6 Qxd6 33.Qb6 Qd5 34.Bb5 Bxb5 35.axb5 Rf5 36.Qd8 Qd2
37.Rb1 Rxb5 38.Ra1 Re5 39.Qh8 Re1+ 40.Rxe1 Qxe1+ 41.Kh2 Qxf2+ 42.Kh3 Qf1+
43.Kg4 Qc4+ 44.Kh3 Qf1+ 45.Kg4 Qc4+ 46.Kh3 Qf1+  1/2-1/2

[Event "XII Izmailov Mem"]
[Site "Tomsk RUS"]
[Date "2008.06.25"]
[Round "1"]
[White "Kornev,Alexa"]
[Black "Abylkassymova,R"]
[Result "1-0"]
[WhiteElo "2314"]
[BlackElo "1669"]

1.e4 c5 2.Nf3 e6 3.d4 cxd4 4.Nxd4 a6 5.Nc3 b5 6.Be2 Bc5 7.O-O Ne7 8.Be3 Ba7
9.Ndxb5 axb5 10.Bxa7 Rxa7 11.Qd4 Nbc6 12.Qxg7 Rg8 13.Qxh7 Ba6 14.Bh5 Rf8
15.Rfe1 Qb8 16.Rad1 Ne5 17.f4 N5g6 18.Bxg6 Nxg6 19.e5 Qb6+ 20.Kh1 Bb7 21.a3 Qf2
22.Ne4 Nxf4 23.Qg7 Bxe4 24.Rxe4 Qxc2 25.Rde1 Nd3 26.R4e2 Nxe1 27.Rxc2 Nxc2
28.h4 Ne3 29.Qg5 Nd5 30.h5 Ne7 31.Qc1 Ra4 32.b4 Ra8 33.Qc5 Rh8 34.g4 Rxa3
35.Qxb5 Nc6 36.Qe2 Ra1+ 37.Kh2 Nxb4 38.Kh3 Nc6 39.Qe3 Ra8 40.Qg5 Nxe5 41.Qg7 Rxh5+
42.gxh5  1-0

[Event "TCh-TUR"]
[Site "Kocaeli TUR"]
[Date "2008.06.26"]
[Round "5"]
[White "Kaya,E"]
[Black "Muzychuk,M"]
[Result "0-1"]
[WhiteElo "1889"]
[BlackElo "2387"]

1.e4 c5 2.Nf3 e6 3.Nc3 a6 4.d4 cxd4 5.Nxd4 b5 6.g3 Bb7 7.Bg2 Nf6 8.O-O b4
9.Na4 Nxe4 10.Re1 d5 11.Nxe6 fxe6 12.Bxe4 dxe4 13.Qh5+ g6 14.Qe5 Qd5 15.Qxh8 e3
16.Kf1 Qg2+ 17.Ke2 Qf3+ 18.Kd3 Be4+ 19.Kc4 Bd5+ 20.Kd4  0-1

[Event "TCh-TUR"]
[Site "Kocaeli TUR"]
[Date "2008.06.27"]
[Round "7"]
[White "Kaplan,E"]
[Black "Arig,B"]
[Result "1/2-1/2"]
[WhiteElo "1878"]
[BlackElo "1787"]

1.e4 c5 2.Nf3 e6 3.d4 cxd4 4.Nxd4 a6 5.Nc3 Qc7 6.a3 Nf6 7.Be2 Be7 8.O-O O-O
9.Be3 Nc6 10.Kh1 b5 11.f3 Bb7 12.Bf2 Nh5 13.g3 Nf6 14.Bd3 h5 15.Kg2 Ne5 16.Be3 Bc5
17.h3 Ng6 18.Qe1 Qe5 19.f4 Qc7 20.Nf3 Ne7 21.Bxc5 Qxc5 22.e5 Nfd5 23.Nxd5 Nxd5
24.b4 Qa7 25.Kh2 Rac8 26.Nh4 Qe3 27.Qd1 g6 28.Qe1 Rc3 29.Ng2 Qb6 30.Rf2 Rfc8
31.Rd2 a5 32.Qb1 Ne3 33.Nxe3 Qxe3 34.Re2 Qb6 35.bxa5 Qxa5 36.Qb4 Qa4 37.Kg1  1/2-1/2

[Event "TCh-TUR"]
[Site "Kocaeli TUR"]
[Date "2008.06.27"]
[Round "7"]
[White "Citak,S"]
[Black "Goksel,D"]
[Result "1/2-1/2"]
[WhiteElo "2323"]
[BlackElo "2263"]

1.e4 c5 2.Nf3 e6 3.d4 cxd4 4.Nxd4 a6 5.Nc3 b5 6.Bd3 Qb6 7.Nf3 Nc6 8.O-O Nge7
9.e5 Ng6 10.Bxg6 hxg6 11.Ne4 Be7 12.Nd6+ Bxd6 13.Qxd6 Qb8 14.Qc5 Qa7 15.Qc3 b4
16.Qc4 a5 17.Be3 Ba6 18.Qf4 Qc7 19.Rfe1 Ne7 20.Ng5 f5 21.exf6 Qxf4 22.Bxf4 gxf6
23.Ne4 Nd5  1/2-1/2

[Event "1st Tournoi Circuit Espoirs Europe"]
[Site "Lyon FRA"]
[Date "2008.06.27"]
[Round "6"]
[White "Edouard,R"]
[Black "Sachdev,T"]
[Result "1/2-1/2"]
[WhiteElo "2509"]
[BlackElo "2423"]

1.e4 c5 2.Nf3 e6 3.d4 cxd4 4.Nxd4 a6 5.Nc3 Qc7 6.Bd3 Nf6 7.f4 d6 8.Be3 Be7
9.Qf3 b5 10.a3 Bb7 11.O-O Nc6 12.Rae1 O-O 13.Qh3 g6 14.f5 Nxd4 15.Bxd4 e5
16.Be3 d5 17.exd5 Bc5 18.fxg6 fxg6 19.Bxc5 Qxc5+ 20.Qe3 Qxe3+ 21.Rxe3 Nxd5
22.Rxf8+ Kxf8 23.Nxd5 Bxd5 24.Rxe5 Rd8 25.g4 Kf7 26.g5 Bc6 27.Kf2 Rd4 28.Ke3 Rg4
29.Rc5 Bd7 30.Rc7 Ke8 31.Rc5 Rh4 32.Re5+ Kd8 33.b4 Rxh2 34.Kd4 Kc7 35.Kc5 Rg2
36.c4 Rg3 37.Be2 bxc4 38.Bxc4 Rxa3 39.Re7 Rg3 40.Rxh7 Rxg5+ 41.Kd4 Rg4+ 42.Kc5 Rg5+
43.Kd4 Rg4+ 44.Kc5  1/2-1/2

[Event "XII Izmailov Mem"]
[Site "Tomsk RUS"]
[Date "2008.06.27"]
[Round "3"]
[White "Loskutov,O"]
[Black "Bryzgalin,K"]
[Result "1-0"]
[WhiteElo "2434"]
[BlackElo "2529"]

1.e4 c5 2.Nf3 e6 3.d4 cxd4 4.Nxd4 a6 5.Nc3 b5 6.Bd3 Bb7 7.O-O Qb6 8.Nf3 Nc6
9.Qe2 Qc7 10.a4 b4 11.Na2 Nge7 12.Bd2 Ng6 13.Qe1 a5 14.c3 bxc3 15.Nxc3 Bb4
16.Nb5 Qb8 17.Bc3 O-O 18.Qe3 Nf4 19.Rfd1 Be7 20.Bc4 Rd8 21.e5 Ng6 22.h4 Bxh4
23.Nxh4 Nxh4 24.Nd6 Ne7 25.Bd3 Bc6 26.Qh3 Neg6 27.Bf1 Nxg2 28.Bxg2 Nf4 29.Qg4 Nxg2
30.Rd3 Qb3 31.f3 Rdb8 32.Qxg2 Bxa4 33.Rd4 Bc6 34.Rg4 g6 35.Rf4 Rf8 36.Qg5 Qb6+  1-0

[Event "TCh-TUR"]
[Site "Kocaeli TUR"]
[Date "2008.06.28"]
[Round "9"]
[White "Ozdogan,B"]
[Black "Aydogdu,A"]
[Result "0-1"]
[WhiteElo "2017"]
[BlackElo "2050"]

1.e4 c5 2.Nf3 e6 3.d4 cxd4 4.Nxd4 a6 5.Nc3 Qc7 6.Be3 Nf6 7.f3 Bb4 8.Qd2 d5
9.a3 Bxc3 10.bxc3 dxe4 11.Be2 O-O 12.O-O e5 13.Nb3 Rd8 14.Qe1 Bf5 15.Qg3 Nbd7
16.f4 Nd5 17.fxe5 Nxe3 18.Qxe3 Qxe5 19.Bc4 Bg6 20.Nd4 Rac8 21.Bb3 Qc5 22.Qf4 Nf6
23.Rae1 Qxc3 24.Nf5 Bxf5 25.Qxf5 Qc5+ 26.Qxc5 Rxc5  0-1

[Event "TCh-TUR"]
[Site "Kocaeli TUR"]
[Date "2008.06.28"]
[Round "9"]
[White "Metin,M"]
[Black "Banikas,H"]
[Result "0-1"]
[WhiteElo "2127"]
[BlackElo "2600"]

1.e4 c5 2.Nf3 e6 3.d4 cxd4 4.Nxd4 a6 5.Nc3 Qc7 6.Be3 Nf6 7.Bd3 b5 8.O-O Bb7
9.f3 Bc5 10.Bf2 O-O 11.Kh1 d6 12.Nce2 Nbd7 13.Bg3 e5 14.Nf5 g6 15.Nh6+ Kg7
16.Qd2 Rae8 17.Bh4 d5 18.Ng3 Kh8 19.Qg5 Be7 20.Qd2 Bd8 21.Rae1 Nb6 22.b3 Nxe4
23.fxe4 Bxh4 24.Qe3 d4 25.Qe2 Bc8 26.Ng4 f6 27.Qf3 Qe7  0-1

[Event "1st Tournoi Circuit Espoirs Europe"]
[Site "Lyon FRA"]
[Date "2008.06.28"]
[Round "8"]
[White "Edouard,R"]
[Black "Sachdev,T"]
[Result "0-1"]
[WhiteElo "2509"]
[BlackElo "2423"]

1.e4 c5 2.Nf3 e6 3.d4 cxd4 4.Nxd4 a6 5.Nc3 Qc7 6.Bd3 Nf6 7.f4 d6 8.Be3 b5
9.a3 Bb7 10.Qf3 Be7 11.O-O Nbd7 12.Rac1 Nc5 13.b4 Ncd7 14.Nb1 d5 15.e5 Ne4
16.Nd2 Nxd2 17.Bxd2 g6 18.Nb3 Rc8 19.Qf2 Nb6 20.Be3 Nc4 21.Bxc4 dxc4 22.Nc5 O-O
23.c3 Ra8 24.Bd4 Bd5 25.Rc2 a5 26.h4 h5 27.Kh2 Qd8 28.g3 axb4 29.axb4 Ra3
30.Rg1 Kh7 31.Qe2 Bxh4 32.g4 Be7 33.gxh5 Bxc5 34.hxg6+ fxg6 35.Qg4 Be4 36.Bxc5 Bxc2
37.Bxf8 Qxf8 38.Rg3 Bf5 39.Qd1 Qe7 40.Kg1 Rb3 41.Kf2 Rb2+ 42.Ke3 Qa7+ 43.Qd4 Qxd4+
44.Kxd4 Rd2+ 45.Kc5 Rd3 46.Rg1 Rxc3 47.Kxb5 Bd3 48.Kc5 Rb3 49.Rh1+ Kg7 50.Rc1  0-1

[Event "Svein Johannessen Mem"]
[Site "Oslo NOR"]
[Date "2008.06.28"]
[Round "2"]
[White "Sousa,H"]
[Black "Kveinys,A"]
[Result "0-1"]
[WhiteElo "2190"]
[BlackElo "2515"]

1.e4 c5 2.Nf3 e6 3.d4 cxd4 4.Nxd4 a6 5.Nc3 Qc7 6.Be3 Nf6 7.Qd2 Bb4 8.f3 d5
9.e5 Qxe5 10.a3 Bxc3 11.Qxc3 Nc6 12.O-O-O Bd7 13.g3 Qd6 14.Bf4 Qe7 15.Nxc6 Bxc6
16.Be3 Rc8 17.Bc5 Qc7 18.Bd3 Bb5 19.Bxb5+ axb5 20.Bb4 Qxc3 21.Bxc3 Kd7 22.Rhe1 Rc4
23.Re5 h6 24.Rd3 Rhc8 25.g4 Ne8 26.Kd2 Nd6 27.b3 R4c6 28.Rh5 f6 29.h4 e5
30.g5 d4 31.Bb4 Rxc2+ 32.Ke1 hxg5 33.hxg5 Ke6 34.Rh7 R8c7 35.Ba5 Rd7 36.Bd2 Nf5
37.Rh8 Ra2 38.Ra8 Rc7 39.Ra5 Nd6 40.Bb4 Rc1+ 41.Rd1 Rcc2 42.Rd2 Rxd2 43.Bxd2 fxg5
44.Bxg5 Rb2 45.b4 Rg2 46.Bd8 d3 47.Bb6 Nc4 48.Rxb5 d2+  0-1

[Event "XVI Open"]
[Site "Montcada i Reixac ESP"]
[Date "2008.06.29"]
[Round "5"]
[White "Radulski,J"]
[Black "Lopez Martinez,Josep"]
[Result "1-0"]
[WhiteElo "2514"]
[BlackElo "2576"]

1.e4 c5 2.Nf3 e6 3.d4 cxd4 4.Nxd4 a6 5.Nc3 Qc7 6.Bd3 Bc5 7.Nb3 Be7 8.O-O Nf6
9.f4 d6 10.Be3 Nbd7 11.Qf3 b6 12.g4 h6 13.Qh3 Nh7 14.Bd4 e5 15.Nd5 Qd8 16.fxe5 dxe5
17.Bc3 O-O 18.Rad1 Bd6 19.Be2 Ng5 20.Qg2 Bb7 21.h4 Ne6 22.Ne3 Qc7 23.g5 hxg5
24.Rxd6 Qxd6 25.Nf5 Qc7 26.Ne7+ Kh8 27.hxg5 Bxe4 28.Qxe4 Nxg5 29.Qh4+ Nh7
30.Bd3 g6 31.Rf2 Nf6 32.Bxg6 fxg6 33.Nxg6+ Kg8 34.Rg2 Rf7 35.Bxe5 Qd7 36.Bxf6 Qd1+
37.Kh2 Rxf6 38.Qc4+ Kg7 39.Ne7+ Kf8 40.Qg8+ Kxe7 41.Qxh7+ Ke6 42.Qe4+ Kd6
43.Qb4+ Ke6 44.Nd4+ Kd7 45.Rg7+  1-0

[Event "ChInt Open"]
[Site "Paris FRA"]
[Date "2008.06.29"]
[Round "2"]
[White "Sohier,J"]
[Black "Fedorchuk,S"]
[Result "0-1"]
[WhiteElo "2270"]
[BlackElo "2671"]

1.e4 c5 2.Nf3 e6 3.d4 cxd4 4.Nxd4 a6 5.Nc3 Qc7 6.Bd3 b5 7.O-O Bb7 8.Bd2 Nf6
9.Qe2 b4 10.Nb1 Nc6 11.Nb3 d5 12.exd5 Nxd5 13.a3 Bd6 14.h3 O-O 15.Qe4 g6
16.c4 Nde7 17.Qh4 Ne5 18.c5 Nxd3 19.cxd6 Qxd6 20.Bxb4 Qd5 21.Qg3 Nf5 22.Qf3 Qxf3
23.gxf3 Nxb4 24.axb4 Bxf3 25.Nc3 Rfb8 26.Na5  0-1

[Event "IV Open"]
[Site "Sort ESP"]
[Date "2008.06.29"]
[Round "7"]
[White "Baklan,V"]
[Black "Bruno,Fabi"]
[Result "1-0"]
[WhiteElo "2647"]
[BlackElo "2450"]

1.e4 c5 2.Nf3 e6 3.Nc3 a6 4.d4 cxd4 5.Nxd4 Nc6 6.g3 d6 7.Bg2 Bd7 8.O-O Nf6
9.Nb3 Be7 10.f4 O-O 11.g4 h6 12.Be3 b5 13.a3 Rc8 14.Rf2 Qc7 15.h4 h5 16.gxh5 Nh7
17.Rd2 Be8 18.Qe1 Kh8 19.Bf3 Qb8 20.Rg2 Rg8 21.Nd1 Bd8 22.Kh1 Bb6 23.h6 gxh6
24.Rxg8+ Kxg8 25.Qg1+ Kh8 26.Bxb6 Ne7 27.Be3 a5  1-0

[Event "XII Izmailov Mem"]
[Site "Tomsk RUS"]
[Date "2008.06.29"]
[Round "5"]
[White "Bondarenko,E"]
[Black "Bryzgalin,K"]
[Result "1/2-1/2"]
[WhiteElo "2206"]
[BlackElo "2529"]

1.e4 c5 2.Nf3 e6 3.d4 cxd4 4.Nxd4 a6 5.Nc3 b5 6.Bd3 Bb7 7.O-O Qb6 8.Nb3 Qc7
9.f4 Nf6 10.Qf3 d6 11.Kh1 Nbd7 12.a3 Be7 13.Qh3 Rc8 14.f5 e5 15.Qg3 Rg8 16.Qf3 g5
17.fxg6 hxg6 18.a4 b4 19.Nd5 Bxd5 20.exd5 e4 21.Bxe4 Ne5 22.Qe2 Nxe4 23.Qxe4 Qxc2
24.Qxb4 Kd7 25.Na5 Qc5 26.Qb7+ Rc7 27.Qxa6 Qxd5 28.b4 Rb8 29.Ba3 Rc2 30.Qa7+ Ke6
31.Qg1 Rh8 32.Rad1 Qa2 33.Rc1 Re2 34.Ra1 Qc2 35.Rfe1 Bh4 36.Rac1 Qe4 37.Rxe2 Qxe2
38.Qf1 Qe4 39.Bb2 Nd3 40.Rc4 Nf2+  1/2-1/2

[Event "XII Izmailov Mem"]
[Site "Tomsk RUS"]
[Date "2008.06.29"]
[Round "5"]
[White "Kuporosov,V"]
[Black "Nukin,A"]
[Result "1-0"]
[WhiteElo "2448"]
[BlackElo "2244"]

1.e4 c5 2.Nf3 e6 3.Nc3 a6 4.d4 cxd4 5.Nxd4 Qc7 6.Be2 b5 7.O-O Bb7 8.Bf3 Nc6
9.Nxc6 dxc6 10.a4 Rd8 11.Qe2 Bd6 12.axb5 Bxh2+ 13.Kh1 Be5 14.bxa6 Ba8 15.Be3 Qe7
16.Kg1 h5 17.Rfd1 Rxd1+ 18.Rxd1 g5 19.Bb6 Bc7 20.Qe3 g4 21.Be2 g3 22.Nb5 gxf2+
23.Qxf2 Be5 24.Rd8+ Qxd8 25.Bxd8 Kxd8 26.Qa7 cxb5 27.Bxb5  1-0

[Event "TCh-TUR"]
[Site "Kocaeli TUR"]
[Date "2008.06.30"]
[Round "11"]
[White "Stepovaia,T"]
[Black "Dzagnidze,N"]
[Result "1/2-1/2"]
[WhiteElo "2378"]
[BlackElo "2443"]

1.e4 c5 2.Nf3 e6 3.d4 cxd4 4.Nxd4 a6 5.Nc3 Qc7 6.g3 b5 7.Bg2 Bb7 8.O-O Nf6
9.Re1 h6 10.e5 Bxg2 11.Kxg2 Nh7 12.Qf3 Nc6 13.Nxc6 Qxc6 14.Ne4 Be7 15.Bf4 Rc8
16.c3 g5 17.Bd2 f5 18.exf6 Nxf6 19.a4 Rf8 20.Nxf6+ Rxf6 21.Qxc6 Rxc6 22.axb5 axb5
23.Ra8+ Kf7 24.Be3 b4 25.Bd4 Rf5 26.Rh8 bxc3 27.Bxc3 Rxc3 28.bxc3 Bf8 29.Rd1 d5
30.Re1  1/2-1/2

[Event "5th GM"]
[Site "Mulhouse FRA"]
[Date "2008.06.30"]
[Round "8"]
[White "Cornette,M"]
[Black "Wirig,A"]
[Result "1/2-1/2"]
[WhiteElo "2496"]
[BlackElo "2477"]

1.e4 c5 2.Nf3 e6 3.d4 cxd4 4.Nxd4 a6 5.Nc3 Qc7 6.Bd3 Nc6 7.Be3 Nf6 8.O-O Nxd4
9.Bxd4 Bc5 10.Bxc5 Qxc5 11.Kh1 d6 12.f4 e5 13.Qe1 Be6 14.Rd1 exf4 15.Nd5 Nxd5
16.exd5 Qxd5 17.Rxf4 Qe5 18.Re4 Qf6 19.Qb4 O-O  1/2-1/2

[Event "Svein Johannessen Mem"]
[Site "Oslo NOR"]
[Date "2008.06.30"]
[Round "6"]
[White "Moen,A"]
[Black "Kveinys,A"]
[Result "1/2-1/2"]
[WhiteElo "2295"]
[BlackElo "2515"]

1.e4 c5 2.Nf3 e6 3.d4 cxd4 4.Nxd4 a6 5.Nc3 Qc7 6.Bd3 Nf6 7.f4 b5 8.e5 b4
9.Ncb5 axb5 10.Nxb5 Qb6 11.exf6 gxf6 12.Qf3 Ra5 13.Be3 Bc5 14.Bxc5 Qxc5 15.a4 bxa3
16.Nxa3 Rg8 17.Qf2 Qc6 18.O-O-O Rxg2 19.Qd4 Ra4 20.Qxf6 Ba6 21.Rhg1 Bxd3
22.Rxg2 Qxg2 23.Qh8+ Ke7 24.Rxd3 Qf1+ 25.Rd1 Qxf4+ 26.Kb1 Rb4 27.Qxh7 Qe5
28.b3 Qe4 29.Qh3  1/2-1/2

[Event "Sparkassen Open"]
[Site "Dortmund GER"]
[Date "2008.07.01"]
[Round "2"]
[White "Kartsev,A2"]
[Black "Podzielny,KH"]
[Result "0-1"]
[WhiteElo "1975"]
[BlackElo "2412"]

1.e4 c5 2.Nf3 e6 3.d4 cxd4 4.Nxd4 a6 5.Nc3 Qc7 6.g3 Bb4 7.Bd2 Nf6 8.Bg2 Nc6
9.Nxc6 bxc6 10.O-O Be7 11.Qe2 d6 12.Nd1 a5 13.Re1 e5 14.Ne3 g6 15.c4 Nd7
16.Bc3 Nc5 17.b3 Ne6 18.Rad1 Qa7 19.Kh1 h5 20.h4 O-O 21.Rd2 Nd4 22.Qd1 c5
23.Bf3 Bf6 24.Bxd4 cxd4 25.Nd5 Bg7 26.Rd3 Be6 27.g4 Bxd5 28.cxd5 Qe7 29.gxh5 Qxh4+
30.Kg2 Bh6 31.Bg4 f5 32.exf5 gxf5 33.Rg3 Bf4 34.Rh1 Qf6 35.Bxf5+ Bxg3 36.Be6+ Kh8
37.fxg3 Ra7 38.Rf1 Qxf1+ 39.Qxf1 Rxf1 40.Kxf1 Kg7 41.g4 Kf6 42.Bf5 Kg5 43.Ke2 Rc7
44.Kd2 Rc3 45.Bg6 Rh3 46.Bf5 Kf4 47.h6 Rxh6 48.Kd3 Rh3+ 49.Kc4 Rc3+ 50.Kb5 e4  0-1

[Event "Svein Johannessen Mem"]
[Site "Oslo NOR"]
[Date "2008.07.01"]
[Round "8"]
[White "Getz,N"]
[Black "Kveinys,A"]
[Result "0-1"]
[WhiteElo "2058"]
[BlackElo "2515"]

1.e4 c5 2.Nf3 e6 3.d4 cxd4 4.Nxd4 a6 5.Nc3 Qc7 6.Bd3 Nf6 7.O-O Nc6 8.Be3 b5
9.h3 Bb7 10.a3 Be7 11.Kh1 O-O 12.f4 d6 13.Nf3 b4 14.axb4 Nxb4 15.Bd4 Nh5
16.Ne2 a5 17.Bc3 Nf6 18.Ng3 d5 19.Ng5 Nxd3 20.cxd3 dxe4 21.N3xe4 Qd8 22.Qf3 Nxe4
23.Nxe4 Qd5 24.Qg4 f6 25.Rf3 Qf5 26.Re3 Qxg4 27.hxg4 a4 28.d4 Rfc8 29.Nc5 Bxc5
30.dxc5 Rxc5 31.Kh2 Bd5 32.Kg3 h6 33.Re2 Kf7 34.Bb4 Rc4 35.Ba3 Rb8 36.Rf1 Rb3+
37.Kh2 Rd3 38.Rff2 g5 39.Bd6 Bxg2 40.Be5 Bf3  0-1

[Event "Duras GM Teplarny"]
[Site "Brno CZE"]
[Date "2008.07.03"]
[Round "8"]
[White "Simacek,P"]
[Black "Bernasek,J"]
[Result "1/2-1/2"]
[WhiteElo "2461"]
[BlackElo "2530"]

1.e4 c5 2.Nf3 e6 3.d4 cxd4 4.Nxd4 a6 5.Nc3 b5 6.Bd3 d6 7.O-O Nf6 8.a3 Be7
9.Qe2 Bb7 10.Kh1 Nbd7 11.f4 Qc7 12.Bd2 h5 13.Nf3 h4 14.Ng5 Nh5 15.f5 e5 16.Nd5 Bxd5
17.exd5 Nc5 18.Ne4 Nxe4 19.Bxe4 Qd8 20.Bf3 Nf6 21.a4 O-O 22.axb5 axb5 23.Rxa8 Qxa8
24.Bg5 Qa4 25.b3 Qb4 26.Qd2 Qxd2 27.Bxd2 Rc8 28.Rc1 e4 29.Be2 Nxd5 30.Bxb5 e3
31.Be1 Bg5 32.c4 Nf4 33.Rd1 Ra8 34.Ba4 Ra6 35.g3 hxg3 36.hxg3 Nh3 37.Kg2 Nf2
38.Bxf2 exf2 39.Kxf2 g6 40.Rd5 Bf6 41.Kf3 Kf8 42.Ke4 gxf5+ 43.Rxf5 Ke7 44.Rb5 Ra7
45.Kf5 Rc7 46.b4 Be5 47.Rb8 f6 48.Kg6 Ke6 49.g4 Bd4 50.Bc2 Re7 51.Rh8 Kd7
52.Rh7 Kd8 53.Rh8+ Kc7 54.Rg8 Bc3 55.Bf5 Bxb4 56.Kxf6 Re1 57.Rc8+ Kb7 58.Rg8 Bc3+
59.Kf7 Kc6 60.Rc8+ Kb7 61.Re8 Rg1 62.Ke6 Be5 63.Kd7 Kb6 64.Rc8 Bf4 65.Rc6+ Ka5
66.Be6 Kb4 67.Rxd6 Bxd6 68.Kxd6 Rxg4 69.Bxg4 Kxc4  1/2-1/2

[Event "Sparkassen Open"]
[Site "Dortmund GER"]
[Date "2008.07.03"]
[Round "6"]
[White "Fox,J"]
[Black "Krogh,P"]
[Result "1-0"]
[WhiteElo "1969"]
[BlackElo "1989"]

1.e4 c5 2.Nf3 a6 3.d4 cxd4 4.Nxd4 e6 5.Nc3 b5 6.Bd3 Nc6 7.Be3 Nf6 8.O-O Qc7
9.Kh1 Bb7 10.Qe2 Be7 11.f4 d6 12.Rac1 h5 13.f5 Nxd4 14.Bxd4 e5 15.Bg1 Bc6
16.a3 Qb7 17.Rf3 Kf8 18.Rh3 Kg8 19.Bf2 Rd8 20.Bh4 Ng4 21.Rf1 Bxh4 22.Rxh4 Qe7
23.Rh3 f6 24.a4 b4 25.Bc4+ Kf8 26.Nd5 Bxd5 27.Bxd5 Qa7 28.Be6 a5 29.Rd3 Ke7
30.h3 g5 31.g3 Nh6 32.Qxh5 Kf8 33.Rfd1 Qe7 34.Rd5 Nf7 35.Qxf7+ Qxf7 36.Bxf7 Kxf7
37.Kg2 Rc8 38.R1d2 Rhd8 39.Rxa5 Rc4 40.Kf3 Rd7 41.Rb5 Ra7 42.a5 Ke7 43.Re2 Kd7
44.h4 gxh4 45.gxh4 Kc6 46.Rd5 Rc5 47.Red2 Kb5 48.Rxd6 Rxa5 49.R6d5 Kc4 50.Rxc5+ Rxc5
51.h5 Rc7 52.Rd6 Kb5 53.c3 bxc3 54.bxc3 Rxc3+ 55.Kg4 Re3 56.Rxf6 Rxe4+ 57.Kg5 Kc5
58.h6 Re1 59.h7 Rg1+ 60.Kh6  1-0

[Event "Sparkassen Open"]
[Site "Dortmund GER"]
[Date "2008.07.03"]
[Round "6"]
[White "Izrailev,A"]
[Black "Podzielny,KH"]
[Result "0-1"]
[WhiteElo "2309"]
[BlackElo "2412"]

1.e4 c5 2.Nf3 e6 3.d4 cxd4 4.Nxd4 a6 5.Nc3 Qc7 6.Be3 b5 7.Qd2 Bb7 8.f3 Nf6
9.O-O-O h5 10.Kb1 Be7 11.Nb3 b4 12.Na4 d5 13.Nb6 dxe4 14.Nxa8 Bxa8 15.fxe4 Bxe4
16.Bc5 Nc6 17.Bd3 Bd5 18.Bxe7 Qxe7 19.Rhe1 O-O 20.Qg5 g6 21.Nc5 Kg7 22.Ne4 Ng4
23.Qxe7 Nxe7 24.h3 Nh6 25.b3 a5 26.Bf1 Bxe4 27.Rxe4 Nd5 28.Rxd5 exd5 29.Rd4 Nf5
30.Rd2 Ne3 31.Bb5 f5 32.Kb2 Rc8 33.a3 Kf6 34.axb4 axb4  0-1

[Event "XII Izmailov Mem"]
[Site "Tomsk RUS"]
[Date "2008.07.03"]
[Round "9"]
[White "Petenev,K"]
[Black "Verzhansky,A"]
[Result "0-1"]
[WhiteElo "2238"]
[BlackElo "2371"]

1.e4 c5 2.Nf3 e6 3.d4 cxd4 4.Nxd4 a6 5.Nc3 Qc7 6.g3 Nf6 7.Bg2 Be7 8.O-O d6
9.Be3 Nc6 10.a4 Bd7 11.Nb3 b6 12.Qe2 Bc8 13.f4 Bb7 14.Rad1 Nd7 15.f5 Nde5
16.fxe6 fxe6 17.Bh3 Bc8 18.Nd4 Nxd4 19.Bxd4 Bf6 20.b3 O-O 21.Qd2 Nf3+ 22.Rxf3 Bxd4+
23.Qxd4 Rxf3 24.Nd5 Qxc2 25.Bg4 e5 26.Ne7+ Kh8 27.Qd5 Qf2+ 28.Kh1 Bxg4 29.Nf5 Rxf5  0-1

[Event "XII Izmailov Mem"]
[Site "Tomsk RUS"]
[Date "2008.07.03"]
[Round "9"]
[White "Kuznetsov,E"]
[Black "Abylkassymova,R"]
[Result "1/2-1/2"]
[WhiteElo "2188"]
[BlackElo "1669"]

1.e4 c5 2.Nf3 e6 3.Nc3 a6 4.d4 cxd4 5.Nxd4 b5 6.Bd3 Bc5 7.Nb3 Ba7 8.Qf3 Nc6
9.Bf4 Bb7 10.O-O Nge7 11.Qg3 O-O 12.Bc7 Qc8 13.Bd6 Bb8 14.Bxb8 Qxb8 15.f4 f5
16.e5 Qa7+ 17.Kh1 Rac8 18.Rad1 Nb4 19.a3 Nbd5 20.Nxd5 Nxd5 21.Rde1 Kf7 22.Na5 Ba8
23.c4 Ne7 24.b4 Nc6 25.Nxc6 Bxc6 26.c5 a5 27.Ra1 Ra8 28.Qe3 Qb7 29.Qe2 axb4
30.axb4 g6 31.Kg1 Ra6 32.Rxa6 Qxa6 33.Qd2 Ra8 34.Be2 Qa2 35.Rd1 Qb3 36.Qe1 Ra2
37.Bf1 Qc2 38.Rd3 Bxg2 39.Rxd7+ Ke8 40.Rxh7 Qb2 41.Bxb5+ Kf8 42.Rd7 Bd5 43.Rd8+ Kf7
44.Rd7+ Kf8  1/2-1/2

[Event "XIX ch-Panam U18"]
[Site "Villa Carlos Paz ARG"]
[Date "2008.07.03"]
[Round "5"]
[White "Vaz,L"]
[Black "Terao,R"]
[Result "1/2-1/2"]
[WhiteElo "2009"]
[BlackElo "2162"]

1.e4 c5 2.Nf3 e6 3.d4 cxd4 4.Nxd4 a6 5.Nc3 b5 6.a3 Bb7 7.Bd3 Bc5 8.Nb3 Bb6
9.Qe2 d6 10.Be3 Bxe3 11.Qxe3 Nf6 12.Rd1 Nbd7 13.O-O O-O 14.Be2 Qc7 15.Rd2 d5
16.exd5 Nxd5 17.Nxd5 Bxd5 18.Rfd1 Rac8 19.Nd4 Nf6 20.Bf3 Bxf3 21.Nxf3 Nd5
22.Qe2 h6 23.c3 Qc4 24.Qxc4 Rxc4 25.Nd4 g6 26.g3 Rb8 27.Nb3 g5 28.Re1 Kg7
29.Kg2 Rc7 30.Red1 Rbc8 31.Nd4 Nb6 32.Re2 Nc4 33.Kg1 Kg6 34.Nf3 Kf6 35.Kg2 Re8
36.h3 Rb8 37.Kg1 Rbb7 38.Nd4 Rd7 39.Rde1 Rb6 40.Nb3 Rd5 41.Kf1 Rbd6 42.Kg2 Kg6
43.Nd4 e5 44.Nf3 f6 45.Kf1 Rd3 46.Kg2 h5 47.Ra1 Nb6 48.Rc1 g4 49.hxg4 hxg4
50.Nh2 Kf5 51.Nf1 Nc4 52.Rcc2 a5 53.Kh2 a4 54.Kg2 Rd8 55.Re1 Rd1 56.Ree2 R8d3
57.Ne3+ Nxe3+ 58.Rxe3 Rxe3 59.fxe3 Ke4 60.c4 bxc4 61.Rxc4+ Kxe3 62.Rxg4 Rd2+
63.Kh3 Rd4 64.Rg6 Rd6 65.Rg4 e4 66.Rg8 Kd2 67.Re8 e3 68.Kg2 Rd5 69.g4 Re5
70.Rd8+ Kc2 71.Kf1 Kxb2 72.Rd3 Kc2 73.Ke2 Re4 74.Rd6 Rxg4 75.Rxf6 Kb3 76.Kxe3 Rc4
77.Kd3 Rc8 78.Rb6+ Kxa3 79.Kd4 Ka2 80.Rb4 a3 81.Kd3 Rc7 82.Kd2 Rc6 83.Kd3 Ka1
84.Rb8 Ka2 85.Rb4 Rc8 86.Kd2 Rc7 87.Kd3 Rc1 88.Rb7 Rb1 89.Ra7 Rh1 90.Re7 Rh2
91.Kc3 Ka1 92.Rg7 Rh1 93.Rf7 a2 94.Rb7  1/2-1/2

[Event "Sparkassen Open"]
[Site "Dortmund GER"]
[Date "2008.07.05"]
[Round "8"]
[White "Langers,A"]
[Black "Savchenko,Alek"]
[Result "0-1"]
[WhiteElo "2203"]
[BlackElo "2163"]

1.e4 c5 2.Nf3 a6 3.Nc3 e6 4.d4 cxd4 5.Nxd4 Qc7 6.Bd3 Nf6 7.O-O b5 8.Qe2 d6
9.Bd2 Nbd7 10.a4 bxa4 11.Nxa4 Be7 12.f4 Bb7 13.b4 O-O 14.c4 Rfe8 15.Nc2 Rac8
16.g4 d5 17.cxd5 exd5 18.e5 Ne4 19.Be3 g5 20.e6 fxe6 21.Nd4 gxf4 22.Nxe6 Qd6
23.Nxf4 Bg5 24.Qa2 Ndf6 25.Nc5 Nxc5 26.Bxc5 Rxc5 27.bxc5 Qxc5+ 28.Kg2 Nxg4
29.Kg3 Re3+ 30.Kxg4 Bxf4 31.Bxh7+ Kh8 32.Qb1 Re4 33.Rxf4 Bc8+ 34.Kg3 Qd6
35.Qc1 Qe5 36.Ra3 Qg5+ 37.Kf3 Bg4+  0-1